000
00215 a2200097 4500
001
47105
100
_a
Brennecke H
245
_a
Ghost Cruiser H K-33
260
_a
London
_b
William Kimber
_c
090
_c
30167
_d
30167
942
_a
NUST-CAE
_c
M
_c
22411
999
_c
282178
_d
282178